| 000 | 00684nam a2200229 a 4500 | ||
|---|---|---|---|
| 001 | BRCA_5771 | ||
| 005 | 20190320205217.0 | ||
| 008 | 090311t1905----enka######---#000-0#eng-# | ||
| 041 | _aeng | ||
| 044 | _aenk | ||
| 050 | 4 |
_aHG4028 _b.M67 |
|
| 100 | 1 |
_aMorgan, Ernest R. _914642 |
|
| 245 | 1 | 0 | _aThe Baer Budget 1879-1901. |
| 260 |
_aLondres. _bEast and Blades _c190? |
||
| 300 |
_a55 p. _bils., 5 láminas _c24 cm. |
||
| 500 | _aIlustraciones por Edward Grinhdlay; Contiene una nota de dedicatoria al Sr. Franz Mayer, por parte del autor. | ||
| 500 | _aH74 | ||
| 650 | 1 | 4 |
_aFinanzas. _zLondres _914643 |
| 700 | 1 |
_aGrihdlay, Edward. _eils. _914644 |
|
| 902 | _aGFM | ||
| 942 |
_2lcc _cB |
||
| 999 |
_c5460 _d5460 |
||